Responses for show #4600 - Friday, September 10, 2004

Ken Jennings game 43.

Contestants

[<< previous game]

Bill Scheller, a writer from Waterville, Vermont

Kollin Min, an attorney from Seattle, Washington

Ken Jennings, a software engineer from Salt Lake City, Utah (whose 42-day cash winnings total $1,402,461)

[next game >>]

Jeopardy! Round responses

DETECTIVE FICTION
ANIMATED MOVIES
THE 20th CENTURY
SAM I AM
TOYS & GAMES
SCRAMBLED VEEPS
    $200 1
Sherlock Holmes

Bill
    $200 6
Finding Nemo

Ken
    $200 11
Geneva

Ken
    $200 26
Samuel Morse

Ken
    $200 21
tetherball

Ken
    $200 16
(Al) Gore

Bill
    $400 2
Marlowe

Ken
    $400 7
Cheech Marin

Ken
    $400 12
Beirut

Bill
    $400 27
the Supreme Court

Ken
    $400 22
Chinese checkers

Bill
    $400 17
(Spiro) Agnew

Bill
    $600 3
Poe

Ken
    $600 8
An American Tail

Ken
    $600 13
Solidarity

Ken
    $600 28
Samuel L. Jackson

Kollin
    $600 23
Rock 'Em Sock 'Em Robots

Ken
    $600 18
(Walter) Mondale

Ken
    $800 4
Agatha Christie

Bill
    $800 9
Ice Age

Ken
    $800 14
St. Lawrence Seaway

Bill
    $800 29
Mexican War

Bill
    $3,000 24
Mah Jongg

Ken
    $800 19
(Nelson) Rockefeller

Ken
    $1000 5
Adam Dalgliesh

Ken
    $1000 10
Brother Bear

Bill
    $1000 15
Slobodan Milosevic

Ken
    $1000 30
Samuel Mudd

Ken
    $1000 25
a flag

Bill
    $1000 20
(Henry A.) Wallace

Ken

Scores at the first commercial break (after clue 15):

Ken Kollin Bill
$5,800 $0 $3,200

Scores at the end of the Jeopardy! Round:

Ken Kollin Bill
$13,600 $600 $6,000

Double Jeopardy! Round responses

ASTRONOMY
RADIO
MAGAZINES & NEWSPAPERS
THAT'S OUR ISLAND!!!
4-LETTER WORDS
@$&!
    $400 17
the sun

Bill
    $400 1
Ebony

Ken
    $400 3
England

Bill
    $400 11
the cusp

Ken
    $400 23
(Ken: What are pounds?)
(Kollin: What are shillings?)
(Bill: [No response])

the peso

KenKollinBill
Triple Stumper
    $800 18
(Ken: What is the Earth's rotation?)

light

KenKollin
    $800 29
[The end-of-round signal sounds.]

drive time

Bill
    $800 2
National Geographic

Bill
    $800 4
Canada

Ken
    $800 12
a capo

Ken
    $800 24
neon

Ken
    $1200 20
the solstice

Ken
    $1200 28
a dedication

Ken
    $1200 8
Better Homes and Gardens

Bill
    $1200 5
Greece

Ken
    $1200 13
plop

Ken
    $1200 25
the tail

Bill
    $5,200 21
Ursa Major

Ken
    $1600 16
Don Imus

Ken
    $1600 9
Fitness

Ken
    $1600 6
Spain

Ken
    $1600 14
the yips

Kollin
    $1600 26
AT&T

Bill
    $2000 22
(Bill: Who was Halley?)

William Herschel

Bill
Triple Stumper
    $2000 19
Radio Theater

Ken
    $5,800 10
(Ken: What is Tribune Media?)

Gannett

Ken
    $2000 7
(Bill: What is...)

Bahamas

Bill
Triple Stumper
    $2000 15
(Bill: What is his coffin?)

his pall

Bill
Triple Stumper
    $2000 27
$100

Ken

Scores at the end of the Double Jeopardy! Round:

Ken Kollin Bill
$28,600 $2,600 $6,000
(lock game)

[wagering suggestions for these scores]

Final Jeopardy! Round responses

PATRON SAINTS
KollinWho is ?
$2,599
BillWho is St. Thomas More?
$0
KenWho is Thomas More?
$1,400
Sir Thomas More

Final scores:

Ken Kollin Bill
$30,000 $1 $6,000
43-day champion: $1,432,461 3rd place: $1,000 2nd place: $2,000

Game dynamics:

Coryat scores:

Ken Kollin Bill
$28,600 $2,600 $6,000
34 R
(including 2 DDs),
3 W
(including 1 DD)
3 R,
1 W
17 R,
4 W

Combined Coryat: $37,200

The J! Archive is created by fans, for fans. The Jeopardy! game show and all elements thereof, including but not limited to copyright and trademark thereto, are the property of Jeopardy Productions, Inc. and are protected under law. This website is not affiliated with, sponsored by, or operated by Jeopardy Productions, Inc. Join the discussion at JBoard.tv.